Derecho a la identidad y persecución de crímenes de lesa humanidad /
Guardado en:
| Autor Principal: | |
|---|---|
| Otros Autores: | |
| Formato: | Libro |
| Publicado: |
Buenos Aires :
Abuelas de Plaza de Mayo,
2008
|
| Edición: | 2a. ed. |
| Materias: | |
| Etiquetas: |
Agregar Etiqueta
Sin Etiquetas, Sea el primero en etiquetar este registro!
|
| LEADER | 02343nam a22002055a 4500 | ||
|---|---|---|---|
| 001 | CEM.cems013319 | ||
| 005 | 20100406113355.0 | ||
| 008 | 130507s2008##################000#0#####d | ||
| 003 | CEMS | ||
| 082 | 0 | 4 | |a 323.4 |
| 100 | 1 | |a Veiga, Clarisa | |
| 245 | 1 | 0 | |a Derecho a la identidad y persecución de crímenes de lesa humanidad / |c Producción y Coordinación de Clarisa Veiga y María Laura Rodríguez |
| 250 | |a 2a. ed. | ||
| 260 | |a Buenos Aires : |b Abuelas de Plaza de Mayo, |c 2008 | ||
| 300 | |a 348 p. | ||
| 505 | 0 | |a Problemas del derecho penal. La supremacía del derecho internacional de los derechos humanos en Argentina: un análisis del fallo de la Corte Suprema en el caso "Arancibia Clavel" / Hernán I. Schapiro -- Inconstitucionalidad de las Leyes de "Punto Final" y "Obediencia Debida" Notas del fallo "Simón" de la Corte Suprema de Justicia de la Nación / Hernán L. Folgueiro -- Límites a la facultad presidencial de indultar. Un análisis en torno a la validez de los derechos de indulto que impidieron la investigación y el castigo de los ilícitos cometidos por la última dictadura militar argentina / Lisandro Pellegrini y Agustina Rodríguez -- Acerca de las condiciones de detención en los centros clandestinos de detención y el delito de tormentos / María Saavedra y Clarisa Miranda -- Los delitos del art. 146 del CP a la luz del derecho a la identidad y la jurisprudencia de la Corte Suprema de Justicia de la Nación / Nuria Piñol Sala -- Discusiones jurisprudenciales en torno a los tipos de penales usualmente presentes en sentencias condenatorias por apropiación de menores / Alan Iud -- Problemas de derecho procesal penal. Los análisis genéticos después del fallo "Vázquez Ferrá" de la Corte Suprema de Justicia de la Nación / Luciano A. Hazan -- Una reseña sobre los actuales lineamientos de la jurisprudencia nacional e internacional en materia de excarcelación en casos de delitos de lesa humanidad / Iván Polaco y Sebastián Alejandro Rey -- El derecho a la identidad. El derecho a la identidad en breves comentarios a los votos disidentes del Caso de las Hermanas Serrano Cruz / Verónica Asurey y Natalia A. L. Ferrari | |
| 653 | |a Derechos humanos | ||
| 653 | |a Derecho a la identidad | ||
| 700 | 1 | |a Rodríguez, María Laura, coord. | |
| 859 | |a CEMS |b BIB. CEMS - 11 de abril |h 323.4 |i V533a2 |p 25815.10 |t Ej.1 | ||
